000 00410 a2200169 4500
001 72411
020 _a8526242563
040 _cAnchieta - Colégio São Paulo
100 _aAndrade, Telma Guimarães Castro
240 1 0 _aO homem da máscara de ferro
_lpor
245 1 0 _aO homem da máscara de ferro
300 _a87
362 0 _a2002
440 1 _aScipione
650 4 _aLiteratura juvenil
942 _cBK
999 _c72411
_d72411